Giáo trình chăn nuôi thú y cơ bản

Salvato in:
Dettagli Bibliografici
Autore principale: Trần, Thị Thuận
Natura: Libro
Lingua:Undetermined
Pubblicazione: Hà Nội Nhà xuất bản Hà Nội 2005
Soggetti:
Tags: Aggiungi Tag
Nessun Tag, puoi essere il primo ad aggiungerne! !
Thư viện lưu trữ: Trung tâm Học liệu Trường Đại học Cần Thơ
LEADER 00589nam a2200193Ia 4500
001 CTU_106518
008 210402s9999 xx 000 0 und d
020 |c 15000 
082 |a 636.089 
082 |b Th502 
100 |a Trần, Thị Thuận 
245 0 |a Giáo trình chăn nuôi thú y cơ bản 
245 0 |c Trần Thị Thuận (chủ biên) 
260 |a Hà Nội 
260 |b Nhà xuất bản Hà Nội 
260 |c 2005 
650 |a Veterinary medicine 
904 |i Q. Hiếu (sửa) 
980 |a Trung tâm Học liệu Trường Đại học Cần Thơ